00321pab a2200133 454500008004000000100001900040245004000059260000900099300001300108362001100121650002300132650001500155773001700170180718b2004 xxu||||| |||| 00| 0 eng d aMehra, Ajay K. aCorruption and development in India c2004 ap.13-16. a27 Dec aCorruption - India aCorruption aYoung Indian